| 000 | 02051nam0a22002891 4500 | ||
|---|---|---|---|
| 001 | v19\rc\1850504 | ||
| 005 | 20250619152006.0 | ||
| 035 | _a(NLR Aleph) 004945916 | ||
| 090 |
_a5830858 _c5830858 |
||
| 100 | _a20080221d1909 |||y0rusy50 ca | ||
| 101 | 0 | _arus | |
| 102 | _aRU | ||
| 105 | _ay z ||||| | ||
| 200 | 1 |
_aДезинфекционная система "Пиктолин" _fФ.В. Дальстрем. Гамбург. С.-Петерб. контора |
|
| 210 |
_aСанкт-Петербург _cтип. "Герольд" _d[1909] |
||
| 215 |
_a36 с. _d35 |
||
| 320 | _aБиблиогр.: "Список книг..." (с. 29-30) | ||
| 327 | 0 | _aС. 17-36: Доклад[ы] о дезинфецировании ангидридом серной кислоты (безводной серной кислотой) и газовой смесью Пикте (Mélange gazeux Pictet) д-ра де Рехтера, д-ра Легро, Макса Дефрена и Каремана | |
| 464 | 0 |
_12001#$aДоклады о дезинфецировании ангидридом серной кислоты (безводной серной кислотой) и газовой смесью Пикте (Mélange gazeux Pictet) д-ра де Рехтера, д-ра Легро, Макса Дефрена и Каремана _1215##$aС. 17-36 _1701#1$aРехтер _1701#1$aЛегро _1701#1$aДефрен$bМ.$gМакс _1701#1$aКареман _tДоклады о дезинфецировании ангидридом серной кислоты (безводной серной кислотой) и газовой смесью Пикте (Mélange gazeux Pictet) д-ра де Рехтера, д-ра Легро, Макса Дефрена и Каремана |
|
| 532 | 1 | 3 | _aДезинфекционная система Пиктолин |
| 712 | 0 | 2 |
_aДальстрем, Ф.В., фирма _cГамбург |
| 801 | 0 |
_aRU _bNLR _gpsbo |
|
| 801 | 0 |
_aRU _bRuMoRGB _2psbo |
|
| 801 | 1 |
_aRU _bProSoft-M _2rusmarc |
|
| 852 |
_aNLR _j34.85.2.39 |
||
| 942 | _cBOOK | ||
| 980 | _aNB | ||